Descomposición de hojarasca en dos bosques altoandinos (Registro nro. 12823)
[ vista simple ]
| 000 -CABECERA | |
|---|---|
| Campo de control | 006170000a22001690004500 |
| 090 ## - CLASIFICACIÓN LOCAL | |
| Colección | AR |
| Consecutivo | 03787 |
| 041 0# - IDIOMA | |
| Código de idioma para texto/pista de sonido o título separado | |
| 100 1# - ASIENTO PRINCIPAL--NOMBRE PERSONAL | |
| Nombre personal | Arenas Salazar, Hernando |
| 245 10 - MENCION DE TITULO | |
| Título | Descomposición de hojarasca en dos bosques altoandinos |
| Version | un bosque nativo de Weinmania tomentosa y Drymis granadensis y un bosque de Euclyptus globulus |
| 650 14 - ASIENTO SECUNDARIO DE MATERIA - TERMINO TEMATICO | |
| Término temático o nombre geográfico como elemento de entrada | Producción primaria |
| 650 14 - ASIENTO SECUNDARIO DE MATERIA - TERMINO TEMATICO | |
| Término temático o nombre geográfico como elemento de entrada | Descomposición foliar |
| 650 14 - ASIENTO SECUNDARIO DE MATERIA - TERMINO TEMATICO | |
| Término temático o nombre geográfico como elemento de entrada | Ciclo de nutrientes |
| 650 14 - ASIENTO SECUNDARIO DE MATERIA - TERMINO TEMATICO | |
| Término temático o nombre geográfico como elemento de entrada | Especies introducidas |
| 651 #4 - ASIENTO SECUNDARIO DE MATERIA - NOMBRE GEOGRAFICO | |
| -- | Bogotá |
| -- | Cundinamarca |
| -- | Colombia |
| 773 1# - Item fuente: | |
| Título | Preprint |
| Paginas del Articulo | 1-20 |
| Lugar, editorial y fecha de publicación | 1988 |
| 942 ## - ELEMENTOS ADICIONALES (KOHA) | |
| Tipo de ítem | Artículo |
| Withdrawn status | Lost status | Damaged status | No para préstamo | Colección | Ubicación Permanente | Ubicación actual | Fecha de adquisición | Datos de publicación Seriada | Total Checkouts | Número topográfico | Inventario / Código de Barras | Date last seen | Price effective from | Forma de adquisición | Tipo de material |
|---|---|---|---|---|---|---|---|---|---|---|---|---|---|---|---|
| No para Préstamo | Hemeroteca | Bogotá | Bogotá | 27/02/2015 | Fuera de circulación | AR 03787 | 014308 | 25/03/2015 | 25/03/2015 | Artículo |